Регионална библиотека "Любен Каравелов" - Русе

Лунна вещица, цар паяк (Запис номер 495381)

MARC детайли
000 -Лидер
Лидер 01149nam a2200277 a 4500
003 - Код на организацията, давaща контролен номер
Код на организацията, даваща контролен номер BLK
005 - Дата и час на последна редакция
Дата и час на последна редакция 20241004121809.0
008 - Елементи от данни с фиксирана дължина
Елементи с фиксирана дължина 210525b bu |||||r|||| 00| | bu d
020 ## - Международен стандартен номер на книга ISBN
ISBN 9786197670240
040 ## - Източник на каталожния запис
Код на библиотеката BLK
041 ## - Код за език
Език Български
Език за КДБФ Български
080 ## - УДК
УДК текст Литература на Ямайка
УДК код 821.111(729.2)
УДК – код + определител 821.111(729.2)-312.9
9 (RLIN) 489101
УДК – определител 312.9
084 ## - Класификационен индекс по друга класификация
Авторски знак Дже - Д 50
100 ## - Редна дума - Автор
R(LIN) 455034
Автор Джеймс, Марлон
Години, свързани с автора 1970-
245 ## - Сведения за заглавието
Заглавие Лунна вещица, цар паяк
Авторска отговорност Марлон Джеймс ; прев. от англ. Богдан Русев.
260 ## - Област на издателските данни
9 (RLIN) 210561
Място на издаване София
Име на издателя Лабиринт
Година на издаване 2023
300 ## - Физическа характеристика
Брой страници 619 с.
Размер 22 см
380 ## - Жанр
Жанр Худож. лит.
490 ## - СЕРИИ (Колекции)
9 (RLIN) 489257
Серия Тъмна звезда
Номер в серията Кн. 2
500 ## - Общи забележки
Обща забележка Ориг. загл.: Moon Witch, Spider King / Marlon James. - Кн. 2 от трилогията Тъмна звезда
700 ## - Други автори (авторска отговорност)
Друг автор Русев, Богдан Бориславов
Дати, свързани с автора 1975-
9 (RLIN) 365584
942 ## - АРТИКУЛИ
Вид на библиотечния документ Книги
Скрит в OPAC Не
Периодичен библиозапис Да
Koha issues (borrowed), all copies 13
944 ## - СЪЗДАВАНЕ И РЕДАКЦИЯ на ЗАПИСА
Служител, извършил регистрацията/редакцията 30531
Дата на регистрацията/редакция Теодора Пейчева-Дянкова
Номер на служител Цветелина Шанова
999 ## - СИСТЕМНИ КОНТРОЛНИ НОМЕРА
Koha biblionumber 495381
Koha biblioitemnumber 495381
999 ## - СИСТЕМНИ КОНТРОЛНИ НОМЕРА
Koha biblioitemnumber 495381
999 ## - СИСТЕМНИ КОНТРОЛНИ НОМЕРА
Koha biblioitemnumber 495381
Наличности
Код за отписване Код за изгубен артикул Източник на класификационната схема Код за повреда Код за отдаване Артикулен № Име на библиотеката - собственик Име на библиотеката, в която се намира в момента Статус (Текущо местоположение) Дата на вписване в системата Местоположение - отдел Цена в лева Инвентарен номер Систематично азбучна сигнатура Баркод Цена в евро Служебен тип на артикула
  Не е изгубен Universal Decimal Classification Не е повреден заемане за дома 933347 Регионална библиотека "Любен Каравелов" Русе Регионална библиотека "Любен Каравелов" Русе Заемна - подръчен фонд 2023-09-11 Заемна - подръчен фонд 20.93 120000892516 821-31/Д 50 М 120000892516 10.70 Книги
  Не е изгубен Universal Decimal Classification Не е повреден заемане за дома 933348 Регионална библиотека "Любен Каравелов" Русе Регионална библиотека "Любен Каравелов" Русе Заемна - подръчен фонд 2023-09-11 Заемна - подръчен фонд 20.93 120000892515 821-31/Д 50 М 120000892515 10.70 Книги
Vip Innovations Ltd, Rousse, Bulgaria 2025